| 000 | 00565nam a2200181 a 4500 | ||
|---|---|---|---|
| 001 | 000031608 | ||
| 003 | OSt | ||
| 005 | 20201214130031.0 | ||
| 008 | 110628s19uu dr 000 0 spa d | ||
| 040 |
_aDO-SdBNP _bspa _cBNPHU |
||
| 100 | 1 |
_aPayano Tolentino, Carmen María _d1963- _957930 |
|
| 245 | 1 | 0 |
_aAmor y juventud / _cCarmen María Payano Tolentino. |
| 260 |
_a[Santo Domingo] : _b[s.f.], _c[19uu]? |
||
| 300 |
_a40 p. ; _c22 cm. |
||
| 500 | _aIncluye datos biográficos del autor en la contracubierta. | ||
| 590 | _aInventariado, 2020 /LP | ||
| 942 |
_2ddc _cLBS1 |
||
| 999 |
_c31100 _d31100 |
||